Statistics for i am the walrus

Click here to take the quiz!

General Stats

  • This quiz has been taken 97 times
  • The average score is 205 of 273

Answer Stats

Answer% Correct
a
98%
am
98%
i
98%
the
98%
walrus
97%
an
95%
are
93%
egg
93%
me
93%
they
93%
to
93%
we
93%
you
93%
all
92%
he
92%
together
92%
and
90%
man
90%
in
87%
on
87%
eggman
85%
ho
85%
how
85%
i'm
85%
see
85%
as
83%
lucy
83%
sitting
83%
crying
82%
fly
82%
from
82%
like
82%
sky
82%
your
82%
eggmen
80%
for
80%
run
80%
boy
78%
come
78%
let
78%
girl
77%
goo
77%
naughty
77%
down
75%
pigs
75%
sun
75%
waiting
75%
cornflake
73%
dead
73%
dog's
73%
don't
73%
eye
73%
gun
73%
custard
72%
ha
72%
knickers
72%
been
70%
english
70%
face
70%
get
70%
grow
70%
long
70%
yellow
70%
dripping
67%
garden
67%
van
67%
pretty
63%
tuesday
63%
bloody
62%
if
62%
eiffel
60%
row
60%
stupid
60%
tan
60%
tower
60%
joker
58%
laughs
58%
little
58%
at
57%
policemen
57%
rain
57%
climbing
55%
have
55%
up
55%
policeman
53%
standing
53%
matter
52%
pornographic
52%
sty
52%
priestess
50%
think
50%
g'joob
48%
shirt
48%
city
47%
edgar
47%
poe
47%
tee
47%
allan
45%
corporation
45%
pilchard
45%
krishna
43%
mister
43%
semolina
42%
fishwife
40%
should
40%
them
40%
hare
38%
seen
38%
joob
37%
kicking
37%
singing
37%
expert
35%
smokers
33%
crabalocker
30%
elementary
28%
penguin
28%
textpert
28%
smile
23%
jooba
20%
chocking
18%
goooooo
17%
snied
17%

Score Distribution

Percentile by Number Answered

Percent of People with Each Score

Your Score History

You have not taken this quiz